00281nam a2200109 a 4500008004100000050001600041100002000057245003700077260002600114300002200140350000900162120416s1962 ||||||||||||||||| || u aNA 7105 Mag aMaguire, Philip10aFrom tree dwellings to new towns aLondonbLongmanc1962 axiv, 178p. : ill. a0.00